| 000 | 00460nam a2200157 i 4500 | ||
|---|---|---|---|
| 001 | 145863 | ||
| 003 | ES-MaACL | ||
| 005 | 20230906201334.0 | ||
| 007 | t| | ||
| 008 | 071017s1952 sp ||||1| eng d | ||
| 100 | 1 |
_aVerdaguer, Joaquín. _9114000 |
|
| 245 | 1 | 0 |
_aBellver Castle / _cby Joquín Verdaguer Travesi. |
| 260 |
_aPalma de Mallorca : _b[s.n.], _c1952 ( _fImp. Bernardo Ferragui) |
||
| 300 |
_a90 p. ; _c18 cm. |
||
| 852 |
_aES-MaACL _jD-8570 _bR.33372 |
||
| 999 |
_c145863 _d145863 |
||